| 000 | 01472nam a2200421 i 4500 | ||
|---|---|---|---|
| 001 | 39017 | ||
| 003 | KOSZ 005 | ||
| 005 | 20221019081700.0 | ||
| 008 | 970707s1996 pl f |000 0 pol | ||
| 040 |
_cKOSZ 005 _aKOSZ 005 _dKOSZ 005/HR |
||
| 041 | 0 | _apl | |
| 046 | _k1996 | ||
| 080 | _a621.74 | ||
| 080 | _a620.197 | ||
| 080 | _a669.2/.8 | ||
| 100 | 1 |
_aKubicki, Jerzy _eAutor |
|
| 245 | 1 | 0 |
_aOdlewnicze powłoki ochronne Al-Cu na staliwie żarowytrzymałym / _cJerzy Kubicki. |
| 260 |
_aSzczecin : _bWydawnictwo Uczelniane PS, _c1996. |
||
| 300 |
_a229 s. : _bfot., rys., wykr. ; _c24 cm. |
||
| 336 |
_2rdacontent _aTekst _btxt |
||
| 337 |
_2rdamedia _aBez urządzenia pośredniczącego _bn |
||
| 338 |
_2rdacarrier _aWolumin _bnc |
||
| 380 | _aKsiążki | ||
| 380 | _aPublikacje naukowe | ||
| 388 | _a1901-2000 | ||
| 388 | _a1989-2000 | ||
| 490 | 1 |
_aPrace Naukowe Politechniki Szczecińskiej. Instytut Inżynierii Materiałowej, _x0208-7979 ; _v17 |
|
| 500 | _aNr serii gł.: 529. - Streszcz. | ||
| 504 | _aBibliogr. s. 197-210. | ||
| 650 | 4 | _aOdlewnictwo | |
| 650 | 4 | _aPowłoki ochronne | |
| 650 | 4 | _aTechnologia | |
| 650 | 4 | _aStaliwo | |
| 658 | _aInżynieria i technika | ||
| 830 | 0 |
_aPrace Naukowe Politechniki Szczecińskiej. _pInstytut Inżynierii Materiałowej ; _vnr 17 |
|
| 856 |
_uhttp://koha.tu.koszalin.pl/cgi-bin/koha/opac-detail.pl?biblionumber=39017 _yKatalog online BPK |
||
| 942 |
_cKS _2UKD |
||
| 999 |
_c39017 _d39017 |
||